[Event "37. Ciutat de Badalona 2011"]
[Site "Badalona ESP"]
[Date "2011.08.07"]
[Round "7.3"]
[White "Iturrizaga, Eduardo"]
[Black "Ballester Llagaria, Luis Eduard"]
[Result "1/2-1/2"]
[WhiteElo "2603"]
[BlackElo "2532"]
[PlyCount "72"]
[EventDate "2011.08.01"]
[EventType "swiss"]
[EventRounds "9"]
[EventCountry "ESP"]
[Source "lmi"]
[SourceDate "2011.08.01"]

1. c4 Nf6 2. Nc3 d5 3. cxd5 Nxd5 4. g3 g6 5. Bg2 Nxc3 6. bxc3 Bg7 7. h4 h6 8.
Qc2 c5 9. Rb1 Nc6 10. Qa4 O-O 11. Ba3 Qd6 12. d4 Qc7 13. Bxc6 bxc6 14. Bxc5 Bf5
15. Rc1 Rfe8 16. Nf3 e5 17. dxe5 Bxe5 18. Nxe5 Qxe5 19. Be3 Qd5 20. Rg1 Re4 21.
c4 Qe5 22. Qa3 Rb8 23. Qc3 Qe6 24. Qd2 Re8 25. Rc3 c5 26. Qc1 Kh7 27. Qa3 Rxc4
28. Rxc4 Qxc4 29. Qxc5 Qe4 30. Qd4 Qb1+ 31. Qd1 Qxa2 32. g4 Bc2 33. Qd2 Qa1+
34. Qc1 Qc3+ 35. Kf1 Qc4 36. f3 Bb3 1/2-1/2

[Event "37. Ciutat de Badalona 2011"]
[Site "Badalona ESP"]
[Date "2011.08.07"]
[Round "7.4"]
[White "Volodin, Aleksandr"]
[Black "Cruz, Filemon"]
[Result "0-1"]
[WhiteElo "2523"]
[BlackElo "2406"]
[PlyCount "100"]
[EventDate "2011.08.01"]
[EventType "swiss"]
[EventRounds "9"]
[EventCountry "ESP"]
[Source "lmi"]
[SourceDate "2011.08.01"]

1. d4 Nf6 2. c4 e6 3. Nf3 Bb4+ 4. Nbd2 d5 5. e3 O-O 6. a3 Be7 7. Bd3 b6 8. cxd5
exd5 9. b4 c6 10. O-O a5 11. b5 c5 12. Ne5 Bd6 13. Bb2 Ra7 14. Rc1 Re7 15. h3
Rfe8 16. Bb1 Rc7 17. f4 Qe7 18. dxc5 Bxc5 19. Qe2 Nbd7 20. Ndf3 Nxe5 21. Bxe5
Rb7 22. Nd4 Ne4 23. Bxe4 dxe4 24. Nb3 Bxa3 25. Rxc8 Rxc8 26. Bxg7 f5 27. Be5
Qf7 28. Nd4 Bc5 29. Kh2 Bxd4 30. Bxd4 Rbc7 31. Rf2 Qe6 32. Qh5 Qg6 33. Qd1 h5
34. Be5 Rc1 35. Qd5+ Qf7 36. Qd6 Kh7 37. Qxb6 Rd1 38. Bb2 a4 39. Qa6 Rg8 40.
Qxa4 Rd3 41. Rc2 Rxe3 42. b6 Reg3 43. Bd4 Qb3 44. Qd7+ Kh6 45. Rc6+ R3g6 46.
Bc3 Qa2 47. Bd2 e3 48. Rxg6+ Rxg6 49. b7 exd2 50. Kh1 d1=Q+ 0-1

[Event "37. Ciutat de Badalona 2011"]
[Site "Badalona ESP"]
[Date "2011.08.07"]
[Round "7.5"]
[White "Narciso Dublan, Marc"]
[Black "Almeida Quintana, Omar"]
[Result "1/2-1/2"]
[WhiteElo "2544"]
[BlackElo "2548"]
[PlyCount "72"]
[EventDate "2011.08.01"]
[EventType "swiss"]
[EventRounds "9"]
[EventCountry "ESP"]
[Source "lmi"]
[SourceDate "2011.08.01"]

1. e4 g6 2. d4 Bg7 3. Nf3 d6 4. Be2 Nf6 5. Nc3 O-O 6. O-O c5 7. d5 e6 8. Nd2
exd5 9. exd5 Nbd7 10. Nc4 Nb6 11. Ne3 a6 12. a4 Bd7 13. a5 Nc8 14. Re1 Re8 15.
Bd3 Re7 16. Bd2 Be8 17. f4 b5 18. axb6 Nxb6 19. Qf3 Bb5 20. Ra2 Qe8 21. b3 Bxd3
22. cxd3 Nfd7 23. Ne4 Bd4 24. Kf1 Qb8 25. Nc4 Nxd5 26. Nexd6 Rxe1+ 27. Bxe1
N7f6 28. g4 Qxb3 29. Ra3 Qc2 30. g5 Rb8 31. gxf6 Nxf6 32. Qe2 Qc1 33. Qd2 Qb1
34. Qa2 Nd5 35. Qxb1 Rxb1 36. Ke2 Nxf4+ 1/2-1/2

[Event "37. Ciutat de Badalona 2011"]
[Site "Badalona ESP"]
[Date "2011.08.07"]
[Round "7.6"]
[White "Karlsson, Lars"]
[Black "Buchenau, Frank"]
[Result "1-0"]
[WhiteElo "2482"]
[BlackElo "2237"]
[PlyCount "81"]
[EventDate "2011.08.01"]
[EventType "swiss"]
[EventRounds "9"]
[EventCountry "ESP"]
[Source "lmi"]
[SourceDate "2011.08.01"]

1. g3 d5 2. f4 g6 3. Bg2 Bg7 4. Nf3 Nf6 5. d3 O-O 6. O-O c5 7. Nc3 d4 8. Ne4
Nxe4 9. dxe4 Nc6 10. e5 Qb6 11. Kh1 Rd8 12. h3 f6 13. Nh4 f5 14. Nf3 Be6 15.
Ng5 Bd5 16. Bxd5+ Rxd5 17. g4 Qd8 18. gxf5 gxf5 19. e4 dxe3 20. Qh5 h6 21. Ne6
e2 22. Qxe2 Nd4 23. Nxd4 cxd4 24. Rg1 e6 25. Qh5 Rc5 26. Bd2 Qd5+ 27. Kh2 Rxc2
28. Rxg7+ Kxg7 29. Rg1+ Kf8 30. Qxh6+ Ke8 31. Rg7 Rxd2+ 32. Kg1 Rd1+ 33. Kf2
Rd2+ 34. Ke1 Qe4+ 35. Kxd2 Qe3+ 36. Kd1 Qf3+ 37. Ke1 Qe3+ 38. Kf1 Qc1+ 39. Kf2
Qd2+ 40. Kg1 Qd1+ 41. Kh2 1-0

[Event "37. Ciutat de Badalona 2011 B"]
[Site "Badalona ESP"]
[Date "2011.08.07"]
[Round "7.1"]
[White "Krzywkoski, Marcin"]
[Black "Kanarkiewicz, Michal"]
[Result "1/2-1/2"]
[WhiteElo "1959"]
[BlackElo "1924"]
[PlyCount "22"]
[EventDate "2011.08.01"]
[EventType "swiss"]
[EventRounds "9"]
[EventCountry "ESP"]
[Source "lmi"]
[SourceDate "2011.08.01"]

1. d4 Nf6 2. c4 g6 3. g3 Bg7 4. Bg2 O-O 5. e4 d6 6. Ne2 Nc6 7. O-O e5 8. d5 Ne7
9. Nbc3 Nd7 10. f4 a5 11. Be3 exf4 1/2-1/2

[Event "37. Ciutat de Badalona 2011"]
[Site "Badalona ESP"]
[Date "2011.08.08"]
[Round "8.3"]
[White "Iturrizaga, Eduardo"]
[Black "Hernandez Carmenates, Holden"]
[Result "1/2-1/2"]
[WhiteElo "2603"]
[BlackElo "2570"]
[PlyCount "26"]
[EventDate "2011.08.01"]
[EventType "swiss"]
[EventRounds "9"]
[EventCountry "ESP"]
[Source "lmi"]
[SourceDate "2011.08.01"]

1. c4 Nf6 2. Nf3 b6 3. g3 Bb7 4. Bg2 e6 5. O-O Be7 6. b3 O-O 7. Bb2 Ne4 8. d3
Bf6 9. Bxf6 Nxf6 10. e4 d6 11. Nc3 c5 12. Re1 e5 13. Nd2 g6 1/2-1/2

[Event "37. Ciutat de Badalona 2011"]
[Site "Badalona ESP"]
[Date "2011.08.08"]
[Round "8.4"]
[White "Volodin, Aleksandr"]
[Black "Gonzalez Vidal, Yuri"]
[Result "1/2-1/2"]
[WhiteElo "2523"]
[BlackElo "2503"]
[PlyCount "37"]
[EventDate "2011.08.01"]
[EventType "swiss"]
[EventRounds "9"]
[EventCountry "ESP"]
[Source "lmi"]
[SourceDate "2011.08.01"]

1. d4 Nf6 2. c4 e6 3. Nf3 b6 4. a3 Ba6 5. Qc2 Bb7 6. Nc3 c5 7. dxc5 bxc5 8. Bf4
Be7 9. Rd1 O-O 10. e3 Qb6 11. Be2 d6 12. h3 Rd8 13. O-O h6 14. Rd2 Nbd7 15.
Rfd1 Nf8 16. Bg3 Ng6 17. Bd3 Nf8 18. Be2 Ng6 19. Bd3 1/2-1/2

[Event "37. Ciutat de Badalona 2011"]
[Site "Badalona ESP"]
[Date "2011.08.08"]
[Round "8.5"]
[White "Karlsson, Lars"]
[Black "Narciso Dublan, Marc"]
[Result "1-0"]
[WhiteElo "2482"]
[BlackElo "2544"]
[PlyCount "115"]
[EventDate "2011.08.01"]
[EventType "swiss"]
[EventRounds "9"]
[EventCountry "ESP"]
[Source "lmi"]
[SourceDate "2011.08.01"]

1. g3 e5 2. c4 Nf6 3. Bg2 d5 4. cxd5 Nxd5 5. Nc3 Nb6 6. d3 Be7 7. a4 a5 8. Be3
O-O 9. Bxb6 cxb6 10. Nf3 Nc6 11. O-O Be6 12. Nd2 f6 13. Nc4 Rf7 14. Rc1 Bb4 15.
e3 Rd7 16. Qe2 Bxc3 17. Rxc3 Nb4 18. d4 exd4 19. exd4 Bf7 20. Ne3 Rb8 21. Nf5
g6 22. Nh6+ Kg7 23. Nxf7 Kxf7 24. Qc4+ Kg7 25. Rd1 Nd5 26. Bxd5 Rxd5 27. Qe2
Qd6 28. Re3 Rf8 29. Re6 Qd8 30. Qc4 Rf7 31. Rxb6 Qxb6 32. Qxd5 Qxb2 33. Qxa5
Qb3 34. Re1 b6 35. Qb5 Qxb5 36. axb5 Rd7 37. Re6 Rxd4 38. Rxb6 g5 39. Rc6 Rb4
40. b6 Kg6 41. Kf1 Rb2 42. Ke1 h5 43. Kd1 Rxf2 44. Kc1 Rf5 45. Rc2 Rb5 46. Rb2
Rc5+ 47. Kd2 Rc8 48. b7 Rb8 49. Kd3 Kf5 50. Kd4 Kg4 51. Kd5 f5 52. Kc6 f4 53.
gxf4 Kxf4 54. Rf2+ Ke4 55. Rf7 h4 56. h3 Rh8 57. Kc7 g4 58. hxg4 1-0

[Event "37. Ciutat de Badalona 2011"]
[Site "Badalona ESP"]
[Date "2011.08.08"]
[Round "8.6"]
[White "Almeida Quintana, Omar"]
[Black "Pomes Marcet, Juan"]
[Result "1-0"]
[WhiteElo "2548"]
[BlackElo "2347"]
[PlyCount "131"]
[EventDate "2011.08.01"]
[EventType "swiss"]
[EventRounds "9"]
[EventCountry "ESP"]
[Source "lmi"]
[SourceDate "2011.08.01"]

1. d4 d5 2. c4 c6 3. Nf3 Nf6 4. Nc3 dxc4 5. a4 Bf5 6. Ne5 Nbd7 7. Nxc4 Nb6 8.
Ne5 a5 9. Bg5 h6 10. Bh4 e6 11. e4 Bh7 12. f3 Be7 13. Bf2 O-O 14. Qb3 Nfd7 15.
Nd3 Bd6 16. Be2 Kh8 17. O-O Rb8 18. Rfd1 Re8 19. Rac1 f5 20. e5 Bc7 21. f4 Nd5
22. Nxd5 exd5 23. Qc2 Nf8 24. Nc5 Bb6 25. Qd2 Bxc5 26. Rxc5 Ne6 27. Rxa5 Nxf4
28. Bf1 Ne6 29. b4 f4 30. b5 Ng5 31. Ra7 Ne4 32. Qa5 Qg5 33. Qe1 cxb5 34. axb5
f3 35. Qe3 Qg6 36. Rc1 fxg2 37. Bxg2 Qb6 38. Raa1 Qxb5 39. Bh4 Qd7 40. Rf1 Rf8
41. Qa3 Rxf1+ 42. Rxf1 Qg4 43. Qh3 Qxh3 44. Bxh3 g5 45. Be1 g4 46. Bg2 Kg7 47.
Bb4 Rc8 48. e6 Bg6 49. e7 Bf7 50. Bxe4 dxe4 51. d5 Bxd5 52. Rf8 Rc1+ 53. Kf2
Rc2+ 54. Kg3 Bf7 55. e8=Q Bxe8 56. Rxe8 h5 57. Bd6 Rd2 58. Bf4 Rd3+ 59. Kh4 Kg6
60. Bg3 e3 61. Re5 Rb3 62. Rxh5 e2 63. Re5 Rb2 64. Kxg4 Kf6 65. Kf3 Rb3+ 66.
Re3 1-0

[Event "37. Ciutat de Badalona 2011"]
[Site "Badalona ESP"]
[Date "2011.08.08"]
[Round "8.7"]
[White "Solleveld, Maarten"]
[Black "Thakur, Akash"]
[Result "1-0"]
[WhiteElo "2497"]
[BlackElo "2327"]
[PlyCount "79"]
[EventDate "2011.08.01"]
[EventType "swiss"]
[EventRounds "9"]
[EventCountry "ESP"]
[Source "lmi"]
[SourceDate "2011.08.01"]

1. e4 e5 2. Nf3 Nc6 3. Bb5 a6 4. Ba4 Nf6 5. Qe2 b5 6. Bb3 Be7 7. c3 O-O 8. d4
d6 9. h3 Bb7 10. O-O Re8 11. Ng5 Rf8 12. Rd1 h6 13. Nf3 Qb8 14. Nbd2 Re8 15.
Bc2 exd4 16. cxd4 Nb4 17. Bb1 Bf8 18. a3 Nbd5 19. Re1 c5 20. Qd1 Nf4 21. d5 Ng6
22. b4 Ne5 23. Bb2 Nfd7 24. Bc2 a5 25. Nb3 axb4 26. axb4 Rxa1 27. Bxa1 Nxf3+
28. gxf3 Ne5 29. f4 Nc4 30. Kh2 Na3 31. Rg1 Nxc2 32. Qxc2 Kh8 33. f3 Qd8 34.
Qg2 f6 35. bxc5 dxc5 36. Nxc5 Bc8 37. Qg6 Qe7 38. d6 Qxd6 39. Qxe8 Qxc5 40. Bd4
1-0

[Event "37. Ciutat de Badalona 2011"]
[Site "Badalona ESP"]
[Date "2011.08.09"]
[Round "8.8"]
[White "Arvola, Benjamin"]
[Black "Cruz, Cristhian"]
[Result "0-1"]
[WhiteElo "2207"]
[BlackElo "2470"]
[PlyCount "84"]
[EventDate "2011.08.01"]
[EventType "swiss"]
[EventRounds "9"]
[EventCountry "ESP"]
[Source "lmi"]
[SourceDate "2011.08.01"]

1. d4 e6 2. Nf3 f5 3. g3 Nf6 4. Bg2 d5 5. O-O Bd6 6. b3 Qe7 7. Bb2 c6 8. Nbd2
O-O 9. Ne5 b6 10. Nd3 Nbd7 11. c4 Bb7 12. Rc1 Rac8 13. Nf3 c5 14. cxd5 Bxd5 15.
Nf4 Bxf4 16. gxf4 c4 17. bxc4 Bxc4 18. Ne5 Nxe5 19. dxe5 Nh5 20. Rxc4 Rxc4 21.
e3 g6 22. Bd5 Rc7 23. Bf3 Ng7 24. Qb3 Rfc8 25. Ba3 Qh4 26. Qa4 g5 27. Bd6 Rf7
28. Qa6 Rd8 29. fxg5 f4 30. e4 Ne8 31. Qc4 Nxd6 32. exd6 Qxg5+ 33. Kh1 Qe5 34.
Bg4 Rxd6 35. Rg1 Kf8 36. Qc8+ Ke7 37. Rc1 Qxe4+ 38. f3 Qe2 39. Rc7+ Kf6 40.
Rxf7+ Kxf7 41. Bh5+ Kg7 42. Qc3+ Kh6 0-1

[Event "37. Ciutat de Badalona 2011"]
[Site "Badalona ESP"]
[Date "2011.08.09"]
[Round "8.9"]
[White "Munoz Pantoja, Miguel"]
[Black "Gomez Jurado, Luis Alberto"]
[Result "1-0"]
[WhiteElo "2482"]
[BlackElo "2353"]
[PlyCount "51"]
[EventDate "2011.08.01"]
[EventType "swiss"]
[EventRounds "9"]
[EventCountry "ESP"]
[Source "lmi"]
[SourceDate "2011.08.01"]

1. e4 c6 2. Nc3 d5 3. Nf3 Bg4 4. Be2 e6 5. O-O Nf6 6. e5 Nfd7 7. d4 Bxf3 8.
Bxf3 c5 9. Nxd5 exd5 10. Bxd5 Nc6 11. Qf3 Qe7 12. Bxc6 bxc6 13. Qxc6 Rd8 14. d5
Qxe5 15. Bg5 Qxg5 16. Rfe1+ Be7 17. d6 Qf5 18. Rxe7+ Kf8 19. Qc7 Ra8 20. Rae1
g6 21. Qxd7 Qf6 22. R1e3 Kg7 23. Rf3 Qxb2 24. Rfxf7+ Kh6 25. Qh3+ Kg5 26. f4#
1-0